[Event "70th Jubilee"]
[Site "Obro DEN"]
[Date "2006.10.18"]
[Round "5"]
[White "Glud,J"]
[Black "Kiss,Ju"]
[Result "1-0"]
[WhiteElo "2418"]
[BlackElo "2118"]

1.c4 e6 2.Nf3 Nf6 3.d4 d5 4.Nc3 Be7 5.Bf4 O-O 6.e3 b6 7.Rc1 Bb7 8.cxd5 Nxd5
9.Nxd5 Qxd5 10.a3 c5 11.Bc4 Qh5 12.Be2 Rd8 13.Ng5 Qh4 14.g3 Qh6 15.Nxf7 Qf6
16.Nxd8 Bxh1 17.Bf3 Nd7 18.Nxe6 Bxf3 19.Qxf3 Re8 20.Qd5  1-0

[Event "WYB16"]
[Site "Batumi GEO"]
[Date "2006.10.20"]
[Round "2"]
[White "Nguyen Ngoc Truongson"]
[Black "Leniart,A"]
[Result "1/2-1/2"]
[WhiteElo "2534"]
[BlackElo "2315"]

1.d4 e6 2.c4 Nf6 3.Nf3 d5 4.Nc3 Be7 5.Bf4 O-O 6.e3 c5 7.dxc5 Bxc5 8.Qc2 Nc6
9.Rd1 Qa5 10.a3 Be7 11.Be2 dxc4 12.Bxc4 e5 13.Bg3 e4 14.Nd4 Bg4 15.Be2 Bxe2
16.Nxe2 Rac8 17.O-O Rfe8 18.Qb3 b6 19.Nd4 Nxd4 20.Rxd4 Qf5 21.Rfd1 Bc5 22.R4d2 h6
23.Nb5 a5 24.Nc7 Re7 25.Nd5 Nxd5 26.Rxd5 Qe6 27.Rd8+ Rxd8 28.Rxd8+ Kh7 29.Qb5 f5
30.h4 Qg6 31.Kh2 Re6 32.Qc4 Re8 33.Rxe8 Qxe8 34.Qd5 Qg6 35.a4 Be7 36.b3 Qg4
37.Kg1 Bc5 38.Bc7 Qg6 39.Qd7 Qf6 40.h5 Qa1+ 41.Kh2 Qf6 42.Bg3 Be7 43.Qe8 Bc5
44.Be5 Qh4+ 45.Kg1 Qg4 46.Qd7 Qg5 47.Bc3 Qg4 48.Be5 Qg5 49.Qd1 Qe7 50.Qd5 Qg5
51.Qd1 Qe7 52.Bc3 Qh4 53.g3 Qg5 54.Kg2 Qe7 55.Qd5 Qg5 56.Qf7 Qg4 57.Be5 Bf8
58.Bd4 Qf3+ 59.Kg1 Qd1+ 60.Kh2 Qf3 61.Qxf8 Qxf2+  1/2-1/2

[Event "TCh-FIN 2006-7"]
[Site "Helsinki FIN"]
[Date "2006.10.21"]
[Round "3"]
[White "Nyback,T"]
[Black "Norri,J"]
[Result "1-0"]
[WhiteElo "2587"]
[BlackElo "2362"]

1.Nf3 d5 2.d4 Nf6 3.c4 e6 4.Nc3 Be7 5.Bf4 c5 6.dxc5 Na6 7.cxd5 Nxd5 8.Nxd5 exd5
9.e3 Nxc5 10.Be5 O-O 11.Be2 Bf6 12.Bxf6 Qxf6 13.Qd4 Qxd4 14.Nxd4 b6 15.O-O Bb7
16.Rfd1 Rfd8 17.Rac1 Rac8 18.Bg4 Rb8 19.b4 Ne4 20.Nc6 Bxc6 21.Rxc6 Kf8 22.f3 Nf6
23.Bh3 Rb7 24.Kf2 Ke7 25.Bc8 Rb8 26.Rc7+ Kf8 27.Ba6 Ne8 28.Rxa7 Ra8 29.Rxa8 Rxa8
30.Be2 Rxa2 31.Rxd5 Rb2 32.Rd4 Nc7 33.Ke1 Ne6 34.Re4 Ke7 35.f4 Kd6 36.Bf3 g6
37.Kd1 f5 38.Rc4 b5 39.Kc1 Rb3 40.Rc6+ Kd7 41.Rb6 Rxb4 42.Rb7+ Nc7 43.Rb8 Ne8
44.Be2 Nf6 45.Rxb5 Rxb5 46.Bxb5+ Kd6 47.Kd2 Ne4+ 48.Kc2 Ke6 49.Be2 Kf6 50.Bf3 Nd6
51.Kd3 g5 52.Kd4 gxf4 53.exf4 Nc8 54.Kc5 Ne7 55.Kd6 Ng6 56.g3 Nf8 57.Bd5 Ng6
58.Kd7 h6 59.Ke8 Ne7 60.Bb7 Ng6 61.Bf3 Ne7 62.Kf8 Nc8 63.Kg8 Kg6 64.Bb7 Nb6
65.Bc6 Nc4 66.Be8+ Kf6 67.Kh7 Ne3 68.Bh5  1-0

[Event "70th Jubilee"]
[Site "Obro DEN"]
[Date "2006.10.22"]
[Round "9"]
[White "Varga,Zo"]
[Black "Hansen,Al"]
[Result "1-0"]
[WhiteElo "2508"]
[BlackElo "2136"]

1.d4 d5 2.Nf3 Nf6 3.c4 e6 4.Nc3 Be7 5.Bf4 O-O 6.e3 c6 7.Rc1 Nbd7 8.h3 b6
9.a3 Bb7 10.cxd5 exd5 11.Bd3 c5 12.dxc5 Nxc5 13.O-O a5 14.Be2 Nfe4 15.Nb5 a4
16.Bc7 Qd7 17.Bxb6 Ba6 18.Nfd4 Rab8 19.Bxc5 Nxc5 20.Nc3 Bc4 21.Qc2 Nb3 22.Bxc4 dxc4
23.Rcd1 Bf6 24.Nf5 Qa7 25.Nd5  1-0

[Event "14th Chigorin Mem"]
[Site "St-Petersburg RUS"]
[Date "2006.10.23"]
[Round "1"]
[White "Rychagov,A"]
[Black "Rjabzev,K"]
[Result "1-0"]
[WhiteElo "2572"]
[BlackElo "2406"]

1.d4 d5 2.c4 e6 3.Nf3 Nf6 4.Nc3 Be7 5.Bf4 O-O 6.e3 c5 7.dxc5 Bxc5 8.Qc2 Qa5
9.a3 Nc6 10.Nd2 e5 11.Bg5 d4 12.Nb3 Qb6 13.Na4 Bf5 14.Bd3 Bb4+ 15.Kf1 Bxd3+
16.Qxd3 Qc7 17.Bxf6 gxf6 18.axb4 Nxb4 19.Qe2 Rac8 20.c5 Qd7 21.exd4 exd4
22.h3 Kh8 23.Qc4 Nc6 24.Rd1 Rg8 25.Nc3 Rcd8 26.Ne4 Ne5 27.Qe2 Qa4 28.Nbd2 Qc6
29.f4 d3 30.Qf2 Nc4 31.Nxc4 Qxe4 32.Nd6 Qd5 33.Qf3  1-0

[Event "14th Chigorin Mem"]
[Site "St-Petersburg RUS"]
[Date "2006.10.24"]
[Round "2"]
[White "Turov,M"]
[Black "Khruschiov,A"]
[Result "1-0"]
[WhiteElo "2556"]
[BlackElo "2488"]

1.d4 d5 2.c4 e6 3.Nc3 Nf6 4.Nf3 Be7 5.Bf4 O-O 6.e3 Nbd7 7.c5 c6 8.h3 b6 9.b4 a5
10.a3 Ba6 11.Bxa6 Rxa6 12.b5 cxb5 13.c6 Qc8 14.c7 b4 15.Nb5 bxa3 16.O-O Ne4
17.Qc2 Qb7 18.Ne5 Nxe5 19.Bxe5 a4 20.f3 Ra5 21.fxe4 Rxb5 22.Qxa4 Ra5 23.Qd7 Bf6
24.Bd6 Qc8 25.Qc6 Re8 26.Rfc1  1-0

[Event "WYG16"]
[Site "Batumi GEO"]
[Date "2006.10.25"]
[Round "7"]
[White "Ramya,K"]
[Black "Munnik,T"]
[Result "1/2-1/2"]
[WhiteElo "2175"]
[BlackElo "2050"]

1.d4 d5 2.c4 e6 3.Nc3 Be7 4.Nf3 Nf6 5.Bf4 a6 6.e3 O-O 7.Bd3 b6 8.Rc1 c5 9.O-O Bb7
10.dxc5 bxc5 11.Na4 Nbd7 12.Ne5 Nxe5 13.Bxe5 Nd7 14.Bg3 Qa5 15.cxd5 Bxd5
16.Nc3 Bc6 17.Be4 Qb6 18.Bd6 Bxd6 19.Qxd6 Rac8 20.Rfd1 Rfd8 21.Bxc6 Rxc6
22.Qe7 Qc7 23.Rd2 Qc8 24.Rcd1 Rc7 25.Ne4 Re8 26.Qh4 Rf8 27.Qg3 Nb6 28.Rd6 Nd5
29.h4 Qb7 30.Qe5 Rb8 31.Ng5 Re7 32.e4 f6 33.Qg3 fxg5 34.exd5 Qxb2 35.dxe6 Rbe8
36.Qxg5 Qe2 37.Rd8 Qxe6 38.Rxe8+ Rxe8 39.Qxc5 Qxa2 40.Rd7 Qa1+ 41.Kh2 Qe5+
42.Qxe5 Rxe5  1/2-1/2

[Event "WYB18"]
[Site "Batumi GEO"]
[Date "2006.10.25"]
[Round "8"]
[White "Amin,B"]
[Black "Kuzubov,Y"]
[Result "1-0"]
[WhiteElo "2505"]
[BlackElo "2559"]

1.d4 e6 2.c4 d5 3.Nc3 Nf6 4.Nf3 Be7 5.Bf4 O-O 6.e3 c5 7.dxc5 Bxc5 8.Qc2 Nc6
9.a3 Bd6 10.Bg5 dxc4 11.Bxc4 h6 12.Bh4 Ne5 13.Be2 Bd7 14.Rd1 Qc7 15.Bxf6 gxf6
16.Qd2 Qb6 17.Qxd6 Qxb2 18.Qb4 Qxb4 19.axb4 Nxf3+ 20.gxf3 Bc6 21.e4  1-0

[Event "14th Chigorin Mem"]
[Site "St-Petersburg RUS"]
[Date "2006.10.25"]
[Round "4"]
[White "Shinkevich,V"]
[Black "Karasev,V"]
[Result "1/2-1/2"]
[WhiteElo "2503"]
[BlackElo "2378"]

1.d4 d5 2.c4 e6 3.Nf3 Nf6 4.Nc3 Be7 5.Bf4 O-O 6.e3 c6 7.Qc2 Qa5 8.Nd2 Nbd7
9.Bd3 c5 10.Nb3 Qb6 11.cxd5 exd5 12.dxc5 Nxc5 13.Nxc5 Qxc5 14.Be5 Be6 15.O-O Rfc8
16.Rac1 h6 17.Qa4 Ng4 18.Bf4 g5 19.Bg3 Nxe3 20.Rfe1 Nc4 21.Qc2 Bf6 22.Bxc4 Qxc4
23.Rxe6 fxe6 24.Qg6+ Bg7 25.Be5 Rc7 26.Bxc7 Qxc7 27.Qxe6+ Qf7 28.Qxf7+ Kxf7
29.Nxd5 Bxb2 30.Rc7+ Ke6 31.Rxb7 Rd8 32.Rxb2 Rxd5 33.g3 Ra5 34.Kg2 h5 35.h3 Ra3
36.Rc2 Kf5 37.Rc6 Rxa2 38.Rh6 h4 39.gxh4  1/2-1/2

[Event "10th Essent Open"]
[Site "Hoogeveen NED"]
[Date "2006.10.26"]
[Round "7"]
[White "Ibrahimov,R"]
[Black "Dambacher,M"]
[Result "1/2-1/2"]
[WhiteElo "2541"]
[BlackElo "2429"]

1.Nf3 Nf6 2.c4 e6 3.Nc3 d5 4.d4 Be7 5.Bf4 O-O 6.e3 Nbd7 7.a3 c5 8.cxd5 Nxd5
9.Nxd5 exd5 10.dxc5 Nxc5 11.Be5 Bg4 12.Be2 Ne6 13.O-O Bf6 14.Bxf6 Qxf6 15.Qxd5 Qxb2
16.Ra2 Qb6 17.h3 Rad8 18.Qe5 Bxf3 19.Bxf3 Qc5 20.Qxc5 Nxc5 21.Rb1 b6 22.a4 Rd6
23.a5 Rfd8 24.axb6 axb6 25.Rb5 Kf8 26.Rab2 Nd7 27.Bg4 Nf6 28.Rxb6 Nxg4 29.hxg4 Rxb6
30.Rxb6 g5 31.Rb2 Kg7 32.g3 Kg6 33.Kg2 f6 34.Rb6 Rd2 35.Kf3 Ra2 36.Rd6 Ra3
37.Ke4 Ra4+ 38.Rd4 Ra5 39.f4 gxf4 40.gxf4 h5 41.gxh5+ Rxh5 42.Rd1 Ra5 43.Rg1+ Kf7
44.f5 Ra4+ 45.Kf3 Ra5 46.Kf4 Ra4+ 47.e4 Rb4 48.Ke3 Ra4 49.Rc1 Ra7 50.Rc5 Ra1
51.Rc7+ Ke8 52.Kd4 Rd1+ 53.Ke3 Re1+ 54.Kf3 Rf1+ 55.Ke2 Ra1 56.Ke3 Re1+ 57.Kd4 Rd1+
58.Kc5 Rd2 59.Rb7 Rd1 60.Rb4 Ke7 61.Rb7+ Ke8  1/2-1/2

[Event "10th OIBM"]
[Site "Bad Wiessee GER"]
[Date "2006.11.04"]
[Round "1"]
[White "Epishin,V"]
[Black "Ellmaier,H"]
[Result "1-0"]
[WhiteElo "2527"]
[BlackElo "2043"]

1.d4 d5 2.c4 e6 3.Nf3 Nf6 4.Nc3 Be7 5.Bf4 c6 6.e3 Nbd7 7.Bd3 dxc4 8.Bxc4 O-O
9.O-O b5 10.Bd3 b4 11.Na4 Qa5 12.Rc1 Ba6 13.Bc7 Nb6 14.Nc5 Bxd3 15.Nxd3 Qxa2
16.Bxb6 axb6 17.Rxc6 Qa7 18.Qc2 Qa5 19.Rc1 Qb5 20.Nfe5 Rfd8 21.Qc4 Qxc4 22.Nxc4 b5
23.Nce5 Nd5 24.g3 g6 25.Nf3 b3 26.Nd2 Nb4 27.Nxb4 Bxb4 28.Nxb3 Ra2 29.R1c2 Be7
30.Kg2 Kg7 31.Nc1 Ra1 32.Rb6 b4 33.Nd3 Ra4  1-0

[Event "10th OIBM"]
[Site "Bad Wiessee GER"]
[Date "2006.11.04"]
[Round "1"]
[White "Khenkin,I"]
[Black "Hittinger,C"]
[Result "1-0"]
[WhiteElo "2620"]
[BlackElo "2059"]

1.d4 d5 2.c4 e6 3.Nf3 Nf6 4.Nc3 Be7 5.Bf4 O-O 6.e3 a6 7.c5 Nc6 8.h3 Re8 9.Bd3 Bf8
10.O-O g6 11.Ne5 Nxe5 12.Bxe5 Nd7 13.Bg3 Bg7 14.Qc2 c6 15.f4 f6 16.Bh4 Qc7
17.e4 dxe4 18.Nxe4 f5 19.Nd6 Bxd4+ 20.Kh1 Rf8 21.Qc4 Bf6 22.Qxe6+ Kg7 23.Bxf6+ Nxf6
24.Qe5 Qd8 25.Bc4 Ra7 26.Rad1 Bd7 27.Rfe1 a5 28.Qe7+  1-0

[Event "British Rapidplay"]
[Site "Halifax ENG"]
[Date "2006.11.05"]
[Round "7"]
[White "Cobb,J"]
[Black "Merriman,J"]
[Result "1-0"]
[WhiteElo "2395"]
[BlackElo "2266"]

1.d4 e6 2.Nf3 d5 3.c4 Nf6 4.Nc3 Be7 5.Bf4 O-O 6.e3 c6 7.Bd3 Nbd7 8.O-O dxc4
9.Bxc4 b5 10.Bd3 Bb7 11.Rc1 a6 12.Ne4 Nd5 13.Bd6 Rc8 14.Bb1 g6 15.Qd2 N7b6
16.Bxe7 Nxe7 17.Nc5 Rc7 18.e4 Bc8 19.Qh6 f6 20.a3 Qe8 21.Ba2 Qf7 22.Qf4 Ra7
23.Qb8  1-0

[Event "10th OIBM"]
[Site "Bad Wiessee GER"]
[Date "2006.11.07"]
[Round "4"]
[White "Maugg,L"]
[Black "Hammes,M"]
[Result "0-1"]
[WhiteElo "2110"]
[BlackElo "2361"]

1.d4 e6 2.c4 Nf6 3.Nf3 d5 4.Nc3 Be7 5.Bf4 O-O 6.e3 Nbd7 7.Qc2 c5 8.dxc5 Nxc5
9.O-O-O Qa5 10.Kb1 Bd7 11.Ne5 Rac8 12.g4 Ba4 13.Nxa4 Nxa4 14.Bd3 b5 15.g5 bxc4
16.gxf6 cxd3 17.Qxd3 Bxf6 18.Nd7 Bxb2 19.Nxf8 Nc3+ 20.Kxb2 Qxa2+  0-1

[Event "10th OIBM"]
[Site "Bad Wiessee GER"]
[Date "2006.11.08"]
[Round "5"]
[White "Pelletier,Y"]
[Black "Ivanov,MM"]
[Result "1/2-1/2"]
[WhiteElo "2588"]
[BlackElo "2451"]

1.d4 d5 2.Nf3 e6 3.c4 Nf6 4.Nc3 Be7 5.Bf4 O-O 6.e3 Nbd7 7.a3 c5 8.cxd5 Nxd5
9.Nxd5 exd5 10.dxc5 Nxc5 11.Be5 Bf6 12.Bxf6 Qxf6 13.Qd4 Qxd4 14.Nxd4 Bd7
15.f3 Ba4 16.Kd2 Ne6 17.Nxe6 fxe6 18.Rc1 Bc6 19.Be2 e5 20.b4 a6 21.Rc5 Kf7
22.Rd1 Rfc8 23.g3 b6 24.Rc3 Bb7 25.Rxc8 Rxc8 26.f4 Kf6 27.Rf1 Rc7 28.fxe5+ Kxe5
29.Bd3 h6 30.Rf5+ Kd6 31.h4 a5 32.Rf8 axb4 33.axb4 Rc8 34.Rf7 Rc7 35.Rf4 Bc8
36.Rf8 Ke7 37.Rg8 Kd6 38.Rd8+ Ke5 39.Rf8 Kd6 40.Be2 Ke7 41.Rg8 Kd6 42.Rd8+ Ke5
43.Bf3 Be6 44.Rb8 Ra7 45.Rxb6 Ra2+ 46.Ke1 Ra1+ 47.Kf2 Ra2+ 48.Ke1 Ra1+ 49.Kf2  1/2-1/2

[Event "TCh-ROM Divizia A Feminin"]
[Site "Predeal ROM"]
[Date "2006.11.10"]
[Round "7"]
[White "Voiska,M"]
[Black "Melia,S"]
[Result "1/2-1/2"]
[WhiteElo "2301"]
[BlackElo "2395"]

1.d4 d5 2.c4 e6 3.Nc3 Be7 4.Nf3 Nf6 5.Bf4 c5 6.e3 cxd4 7.exd4 O-O 8.a3 b6
9.Bd3 dxc4 10.Bxc4 Bb7 11.O-O Nd5 12.Nxd5 Bxd5 13.Qb3 Nc6  1/2-1/2

[Event "Open"]
[Site "Kings Island USA"]
[Date "2006.11.11"]
[Round "3"]
[White "Izoria,Z"]
[Black "Murthy,P"]
[Result "1-0"]
[WhiteElo "2657"]
[BlackElo "2148"]

1.d4 Nf6 2.c4 e6 3.Nf3 d5 4.Nc3 Be7 5.Bf4 O-O 6.e3 a6 7.c5 c6 8.Bd3 Nbd7
9.O-O b6 10.b4 a5 11.a3 Nh5 12.Qc2 f5 13.Ne5 Nxe5 14.Bxe5 b5 15.Ne2 Bd7 16.g4 fxg4
17.Bxh7+ Kh8 18.Bg6 Be8 19.Bxh5 Bxh5 20.Nf4 Rxf4 21.Bxf4 Qe8 22.a4 Bg6 23.Qe2 bxa4
24.Rxa4 axb4 25.Rxb4 Bf5 26.e4 Bxe4 27.Qxg4 Bf5 28.Qg3 Qh5 29.Be5 Qh6 30.Rb7 Bf6
31.Bxf6 gxf6 32.Rb8+ Rxb8 33.Qxb8+ Kh7 34.Qc7+ Kg6 35.Qg3+ Kh5 36.Ra1 Qd2
37.Qf3+ Kh4 38.Qe3 Qb2 39.Qh6+ Kg4 40.h3+ Kf3 41.Qe3+  1-0

[Event "10th OIBM"]
[Site "Bad Wiessee GER"]
[Date "2006.11.12"]
[Round "9"]
[White "Jakobsen,O"]
[Black "Fogel,P"]
[Result "1-0"]
[WhiteElo "2380"]
[BlackElo "2202"]

1.d4 d5 2.Nf3 Nf6 3.c4 e6 4.Nc3 Be7 5.Bf4 O-O 6.e3 c5 7.dxc5 Bxc5 8.a3 Nc6
9.Qc2 Qa5 10.O-O-O Be7 11.Nd2 e5 12.Bg5 dxc4 13.Nxc4 Qc7 14.Bxf6 Bxf6 15.Nd5 Qd8
16.Ndb6 Qe7 17.Nxa8 Be6 18.Bd3 g6 19.Be4 Rxa8 20.Kb1 Bg7 21.Bxc6 bxc6 22.e4 Rb8
23.Rd3 Qc5 24.Ne3 Qb6 25.Rc1 Bf8 26.Rc3 Bb3 27.Rxb3 Qxb3 28.Qxb3 Rxb3 29.Rxc6 Rb5
30.Nc4 Rc5 31.Rxc5 Bxc5 32.f3 f6 33.b4 Bg1 34.h3 Kg7 35.Kc2 Kh6 36.Kd3 Kg5
37.b5 Kf4 38.a4 Bc5 39.a5 Kg3 40.a6  1-0

[Event "29th ch-GRE w"]
[Site "Athens GRE"]
[Date "2006.11.26"]
[Round "2"]
[White "Botsari,A"]
[Black "Pambalou,F"]
[Result "0-1"]
[WhiteElo "2351"]
[BlackElo "2177"]

1.d4 d5 2.Nf3 Nf6 3.c4 e6 4.Nc3 Be7 5.Bf4 O-O 6.e3 c5 7.dxc5 Nc6 8.cxd5 exd5
9.Be2 Bxc5 10.O-O Be6 11.Rc1 Be7 12.a3 Ne4 13.Nb5 Rc8 14.Nfd4 Qb6 15.f3 Nxd4
16.Nxd4 Nd6 17.Qd2 Nc4 18.Bxc4 dxc4 19.Rfd1 Rfd8 20.Qe2 h6 21.Bg3 c3 22.bxc3 Bc4
23.Qc2 Bxa3 24.Rb1 Qa6 25.Ra1 g6 26.Bf4 Kh7 27.Qf2 Rd5 28.e4 Ra5 29.Rdb1 b5
30.Bd2 Be7 31.Rxa5 Qxa5 32.Qe3 Bf8 33.f4 Re8 34.e5 Bg7 35.Re1 Qc7 36.Qf3 a5
37.Rb1 Qd7 38.Be3 a4 39.Bc1 Bf8 40.Ra1 b4 41.f5 Rxe5 42.fxg6+ fxg6 43.Bf4 Re8
44.Rd1 Be2  0-1

[Event "19th Belgrade Trophy"]
[Site "Belgrade SRB"]
[Date "2006.11.26"]
[Round "5"]
[White "Radusinovic,L"]
[Black "Marcetic,N"]
[Result "0-1"]
[WhiteElo "1990"]
[BlackElo "2367"]

1.d4 d5 2.c4 e6 3.Nf3 Nf6 4.Nc3 Be7 5.Bf4 a6 6.e3 O-O 7.cxd5 exd5 8.Bd3 c5
9.O-O c4 10.Bc2 b5 11.e4 dxe4 12.Nxe4 Bb7 13.Re1 Nbd7 14.Ng3 g6 15.Ne4 Nxe4
16.Bxe4 Bxe4 17.Rxe4 Nf6 18.Re2 Re8 19.Qd2 Qd5 20.Re5 Qd7 21.Rae1 Nd5 22.a3 Nxf4
23.Qxf4 Bf8 24.Qe4 Red8 25.Qe3 Rac8 26.h4 h5 27.Rd1 Qd6 28.Ng5 Bg7 29.f4 Bxe5
30.fxe5 Qd5 31.Ne4 Rc6 32.Nf6+ Rxf6 33.exf6 Rd6 34.Qf4 Qe6 35.Rf1 Kh7 36.Qe5 Qd5
37.Rf4 Qxe5 38.dxe5 Re6 39.Re4 g5 40.Kf2 Kg6 41.Ke3 gxh4 42.Kf4 Rc6 43.Re3 a5
44.Kf3 Kf5 45.Ke2 Re6 46.Kd2 b4 47.axb4 axb4 48.Rh3 Kxe5 49.Rxh4 Rc6 50.Rxh5+ Ke6
51.Rb5 c3+ 52.bxc3 bxc3+ 53.Kc2 Kxf6 54.Rb3 Re6 55.Rxc3 Re2+ 56.Kd3 Rxg2
57.Rc5 Rg5 58.Rc7 Re5 59.Kd4 Re8 60.Kd3 Kg6 61.Rc6+ f6 62.Kd2 Kg5 63.Rc7 f5
64.Rg7+ Kf4 65.Rf7 Kg4 66.Rg7+ Kf3 67.Rf7 f4 68.Rg7 Kf2 69.Rd7 f3 70.Kd1 Kg2  0-1

[Event "19th Belgrade Trophy"]
[Site "Belgrade SRB"]
[Date "2006.11.27"]
[Round "6"]
[White "Pucarevic,M"]
[Black "Radulski,J"]
[Result "0-1"]
[WhiteElo "2228"]
[BlackElo "2494"]

1.d4 d5 2.Nf3 Nf6 3.c4 e6 4.Nc3 Be7 5.Bf4 O-O 6.e3 b6 7.cxd5 Nxd5 8.Nxd5 exd5
9.Bd3 c5 10.h4 Nc6 11.Bxh7+ Kxh7 12.Ng5+ Kg8 13.Qd3 g6 14.Nxf7 Kxf7 15.h5 Bf5
16.hxg6+ Ke8 17.Qb5 Qd7 18.g7 Rg8 19.dxc5 bxc5 20.Rd1 Ne5 21.Qe2 Ng6 22.Qh5 Kf7
23.Bh6 Bg4 24.Qxd5+ Qxd5 25.Rxd5 Be6  0-1

[Event "19th Belgrade Trophy"]
[Site "Belgrade SRB"]
[Date "2006.11.29"]
[Round "8"]
[White "Payen,Ar"]
[Black "Ristic,Neb2"]
[Result "1-0"]
[WhiteElo "2369"]
[BlackElo "2291"]

1.d4 d5 2.c4 e6 3.Nf3 Nf6 4.Nc3 Be7 5.Bf4 O-O 6.e3 c5 7.dxc5 Bxc5 8.a3 Nc6
9.Qc2 Qa5 10.O-O-O dxc4 11.Bxc4 a6 12.Bd3 Be7 13.g4 e5 14.g5 exf4 15.gxf6 Bxf6
16.Bxh7+ Kh8 17.Rd5 Bxc3 18.Rxa5 Bxa5 19.Be4 Bd7 20.Rd1 Rac8 21.Rxd7 Nb8
22.Rxb7 fxe3 23.fxe3 Rxc2+ 24.Kxc2 f5 25.Bxf5 Rxf5 26.Rxb8+ Kh7 27.Nd4 Rf2+
28.Kd3 Bc7 29.Rb7 Bxh2 30.b4 Rf6 31.a4 Kg8 32.Ke4 Bg3 33.Nf5 Re6+ 34.Kd4 Be5+
35.Kd5 Re8 36.Ne7+ Kf7 37.Kxe5 Rxe7+ 38.Rxe7+ Kxe7 39.Kf5 Kd6 40.Kg6 Kd5
41.Kxg7 Kc4 42.Kf6 Kxb4 43.e4 Kxa4 44.e5 a5 45.e6 Kb3 46.e7 a4 47.e8=Q a3
48.Qe5 Ka2 49.Qc3  1-0

[Event "XIV Salona GM"]
[Site "Solin CRO"]
[Date "2006.11.29"]
[Round "6"]
[White "Georgiev,Vl"]
[Black "Mkrtchian,L"]
[Result "1/2-1/2"]
[WhiteElo "2532"]
[BlackElo "2468"]

1.d4 d5 2.c4 e6 3.Nc3 Be7 4.Nf3 Nf6 5.Bf4 O-O 6.e3 Nbd7 7.a3 c5 8.cxd5 Nxd5
9.Nxd5 exd5 10.dxc5 Nxc5 11.Be2 Bf6 12.Be5 Bxe5 13.Nxe5 Ne6 14.Nf3 Qf6 15.Qd2 Rd8
16.Rd1 d4 17.O-O dxe3 18.Qxe3 Bd7 19.Ne5 Be8 20.Bc4 b6 21.h3 Nf4 22.Rfe1 Qg5
23.Ng4 h5 24.Qe5 Qxe5 25.Nxe5 Kf8 26.h4 f6 27.Nd3 Nxd3 28.Rxd3 Bf7 29.Ba6 Rxd3
30.Bxd3 Rd8 31.Re3 Rd4 32.g3 g5 33.hxg5 fxg5 34.b4 a5 35.bxa5 bxa5 36.Be2 h4
37.Kh2 hxg3+ 38.Kxg3 Kg7 39.Bg4 Kf6 40.Rf3+ Ke7 41.Bf5 Bd5 42.Re3+ Kf6 43.Bd3 Be6
44.f3 Bf5 45.Bb5 Rd5 46.Bc4 Rd4 47.Rc3 Be6 48.Be2 Ra4 49.Bb5 Rd4 50.Kf2 Bd5
51.Ke3 Rf4 52.Be2 Ke5 53.Rc1 Ra4 54.Rc3 Rf4 55.Bd1 Bc4 56.Rc1 Rh4 57.Rc3 Rf4
58.Rc1 Rh4 59.Rc3 Rf4 60.Bc2 g4 61.Be4 gxf3 62.Rxc4 f2 63.Bd3 f1=Q 64.Bxf1 Rxf1
65.Ra4 Kd5 66.Rxa5+ Kc6 67.a4 Kb6 68.Rb5+ Ka6  1/2-1/2

[Event "XV Asiad Men's Rapid"]
[Site "Doha QAT"]
[Date "2006.12.02"]
[Round "3"]
[White "Kazhgaleyev,M"]
[Black "Kasimdzhanov,R"]
[Result "1/2-1/2"]
[WhiteElo "2609"]
[BlackElo "2672"]

1.d4 d5 2.c4 e6 3.Nc3 Be7 4.Nf3 Nf6 5.Bf4 O-O 6.e3 Nbd7 7.a3 c5 8.cxd5 Nxd5
9.Nxd5 exd5 10.dxc5 Nxc5 11.Be2 Bg4 12.h3 Bh5 13.Be5 Bxf3 14.Bxf3 Bf6 15.Bxf6 Qxf6
16.Qxd5 Qxb2 17.O-O b6 18.Rfb1 Qc2 19.Rc1 Qg6 20.Rd1 Rac8 21.a4 Qf6 22.Qd4  1/2-1/2

[Event "XV Asiad Women's Rapid"]
[Site "Doha QAT"]
[Date "2006.12.03"]
[Round "6"]
[White "Zhao Xue"]
[Black "Koneru,H"]
[Result "1-0"]
[WhiteElo "2467"]
[BlackElo "2545"]

1.d4 Nf6 2.c4 e6 3.Nc3 d5 4.Nf3 Be7 5.Bf4 O-O 6.e3 Nbd7 7.c5 c6 8.b4 b6 9.Bd3 a5
10.a3 Ba6 11.O-O Bxd3 12.Qxd3 Qc8 13.h3 Qb7 14.Rab1 axb4 15.axb4 Ra3 16.Qc2 Rfa8
17.Nd2 b5 18.Qb2 Bd8 19.Nb3 R3a7 20.f3 Bc7 21.Bxc7 Qxc7 22.e4 Nf8 23.e5 N6d7
24.f4 f6 25.Na5 fxe5 26.fxe5 Ng6 27.Qe2 Re8 28.Qg4 Nb8 29.h4 Nf8 30.Rf3 Na6
31.Rbf1 Qc8 32.Na2 Rae7 33.Qg5 Nd7 34.Qd2 Rf8 35.Nc1 Rxf3 36.Rxf3 Rf7 37.Rxf7 Kxf7
38.Nd3 Nf8 39.Kh2 Qd7 40.g3 h6 41.Kg2 Ng6 42.Qe3 Ne7 43.Qf2+ Kg8 44.h5 Qe8
45.g4 Qd8 46.Nb7 Qf8 47.Qe3 Nb8 48.Nf4 Nd7 49.Nd6 Qa8 50.Nxe6 Qa2+ 51.Kh3 Nf8  1-0

[Event "ch-ROM"]
[Site "Predeal ROM"]
[Date "2006.12.03"]
[Round "7"]
[White "Vasilescu,L"]
[Black "Marinescu,Mi"]
[Result "1-0"]
[WhiteElo "2288"]
[BlackElo "2204"]

1.c4 Nf6 2.Nc3 e6 3.Nf3 d5 4.d4 Be7 5.Bf4 c6 6.e3 Nbd7 7.c5 O-O 8.Bd3 Re8
9.b4 Bf8 10.h3 g6 11.O-O Nh5 12.Bh2 f6 13.g4 Ng7 14.e4 f5 15.gxf5 dxe4 16.Nxe4 Nxf5
17.Re1 Bg7 18.Bc4 Nf6 19.Nxf6+ Bxf6 20.Be5 Bd7 21.Qb3 Qe7 22.Re4 Rad8 23.Rae1 Kg7
24.Bc7 Rc8 25.Bf4 Rcd8 26.Bxe6 Nxd4 27.Nxd4 Bxd4 28.Rxd4 Bxe6 29.Rxe6  1-0

[Event "UTD GM Invitational"]
[Site "Dallas USA"]
[Date "2006.12.07"]
[Round "3"]
[White "Stopa,Ja"]
[Black "Bradford,J"]
[Result "0-1"]
[WhiteElo "2465"]
[BlackElo "2451"]

1.c4 e6 2.d4 d5 3.Nf3 Nf6 4.Nc3 Be7 5.Bf4 O-O 6.e3 Nbd7 7.Rc1 c5 8.cxd5 Nxd5
9.Nxd5 exd5 10.a3 c4 11.Be2 b5 12.O-O Bb7 13.Qc2 a5 14.Ne5 f6 15.Nf3 Nb6
16.Nd2 Bd6 17.Bg3 Re8 18.Rfd1 Bxg3 19.hxg3 Qd7 20.g4 Rac8 21.b3 Re7 22.Qc3 Ra8
23.Qa1 Qe8 24.a4 b4 25.Re1 c3 26.Nf1 Nc8 27.Qb1 Nd6 28.Bd3 g6 29.Qc2 Ba6
30.Bxa6 Rxa6 31.Qd3 Rc6 32.Rc2 Qc8 33.f3 f5 34.Nh2 Kg7 35.Ree2 Re8 36.Qd1 Rc7
37.gxf5 Nxf5 38.Qd3 Rce7 39.Ng4 Qc6 40.Ne5 Rxe5 41.dxe5 Rxe5 42.g4 Ne7 43.Rh2 Qc5
44.Kf2 Nc6 45.f4 Re7 46.Rc1 d4 47.e4 Rf7 48.Kg3 Rxf4 49.Rxh7+ Kxh7 50.Kxf4 Qd6+
51.e5 Qxe5+ 52.Kf3 Qd5+ 53.Kf2 Ne5 54.Qh3+ Kg7 55.Rh1 Nf7 56.Qh7+ Kf8 57.Rf1 d3
58.Ke3 d2 59.Qh8+ Ke7 60.Qh1 Qxb3 61.Qb7+ Kf8 62.Qd7 c2+ 63.Kxd2 Qc3+ 64.Ke2 Qc4+
65.Qd3 c1=N+  0-1

[Event "22nd Voivoda Cup"]
[Site "Legnica POL"]
[Date "2006.12.07"]
[Round "1"]
[White "Jakubowski,K"]
[Black "Zeberski,J"]
[Result "1/2-1/2"]
[WhiteElo "2497"]
[BlackElo "2420"]

1.d4 d5 2.c4 e6 3.Nc3 Nf6 4.Nf3 Be7 5.Bf4 O-O 6.e3 c5 7.dxc5 Bxc5 8.cxd5 Nxd5
9.Nxd5 exd5 10.a3 Nc6 11.Rc1 Bb6 12.Bb5 Qf6 13.Qd2 Bg4 14.Bxc6 Bxf3 15.gxf3 bxc6
16.Qc3  1/2-1/2

[Event "Bundesliga 2006-7"]
[Site "Remagen GER"]
[Date "2006.12.09"]
[Round "5"]
[White "Gyimesi,Z"]
[Black "Vaganian,R"]
[Result "0-1"]
[WhiteElo "2616"]
[BlackElo "2587"]

1.d4 d5 2.c4 e6 3.Nc3 Be7 4.Nf3 Nf6 5.Bf4 O-O 6.e3 Nbd7 7.c5 c6 8.h3 b6 9.b4 a5
10.a3 Ba6 11.Bxa6 Rxa6 12.b5 cxb5 13.c6 Qc8 14.c7 b4 15.Nb5 a4 16.Rc1 Ne4
17.Nd2 Ndf6 18.Nxe4 Nxe4 19.f3 Ra5 20.fxe4 Rxb5 21.Qxa4 Ra5 22.Qc6 bxa3 23.exd5 Rxd5
24.Qxb6 Qd7 25.O-O Rc8 26.Qa6 Rb5 27.Rb1 Rb2 28.Rxb2 axb2 29.Qb7 Ba3 30.Rd1 g5
31.Bg3 Kg7 32.Qa6 Bb4 33.d5 Bc3 34.Qc4 Bf6 35.d6 Ra8 36.Qc2 Ra1 37.Be1 Rxd1
38.Qxd1 Qc6 39.Kf1 Be5 40.Qb3 Qc1 41.Ke2 b1=Q 42.Qxb1 Qxb1 43.c8=Q Qb5+ 44.Kf2 Bxd6
45.Qc3+ Be5 46.Qa5 Qb2+ 47.Qd2 Qb1 48.Qe2 Kg6 49.Qf3 Qd3 50.g4 Bc3 51.Bxc3 Qxc3
52.Qe4+ Kg7 53.Qb1 Qe5 54.Qh1 Qb2+ 55.Kg3 Qc3 56.Qg1 f5 57.gxf5 exf5 58.Kf3 Qc6+
59.Kf2 Qc2+ 60.Kg3 Qd3 61.Qc1 f4+ 62.Kg4 fxe3 63.Kxg5 e2 64.Kf4 Kf6 65.Qc6+ Ke7
66.Qb7+ Kd6 67.Qb4+ Kd5 68.Qa5+ Kc4 69.Qa2+ Kc3 70.Qa1+ Kc2 71.Qa2+ Kd1 72.Qa1+ Kd2
73.Qb2+ Ke1 74.Kg4 Qe4+ 75.Kg3 Qe3+ 76.Kg2 Qf2+ 77.Kh1 Qf3+ 78.Kh2 Kf1  0-1

[Event "90th ch-Marshall CC"]
[Site "New York USA"]
[Date "2006.12.10"]
[Round "9"]
[White "Zenyuk,I"]
[Black "Gaillard,E"]
[Result "1/2-1/2"]
[WhiteElo "2192"]
[BlackElo "2155"]

1.d4 Nf6 2.Nf3 e6 3.c4 d5 4.Nc3 Be7 5.Bf4 O-O 6.e3 b6 7.Rc1 Bb7 8.cxd5 Nxd5
9.Bg3 Nxc3 10.bxc3 c5 11.Bd3 Nd7 12.O-O Bf6 13.e4 g6 14.Qe2 Qe7 15.e5 Bg7
16.Nd2 Bd5 17.Be4 Rac8 18.f4 cxd4 19.Bxd5 exd5 20.cxd4 Qa3 21.Nb3 Qe7 22.Qa6 Rxc1
23.Rxc1 Nb8 24.Qb5 Qe6 25.a4 a6 26.Qf1 Rc8 27.a5 Rc4 28.axb6 Rb4 29.Nc5 Qxb6
30.Bf2 Bf8 31.Qe1 a5 32.e6 Bxc5 33.exf7+ Kxf7 34.dxc5 Qc7 35.Qd2 Qxf4 36.Qxf4+ Rxf4
37.c6 Nxc6 38.Rxc6 Rc4 39.Rxc4 dxc4 40.Kf1 a4 41.Bc5 Ke6 42.Ke2 Kd5 43.Bb4 Ke4
44.Kd2 Kd4 45.h4 Ke4 46.Bd6 Kd4 47.Bf4 Ke4 48.g3  1/2-1/2

[Event "Bundesliga 2006-7"]
[Site "Remagen GER"]
[Date "2006.12.10"]
[Round "6"]
[White "Graf,A"]
[Black "Boensch,U"]
[Result "1-0"]
[WhiteElo "2601"]
[BlackElo "2524"]

1.d4 d5 2.c4 e6 3.Nc3 Nf6 4.Nf3 Be7 5.Bf4 c5 6.dxc5 Na6 7.g3 O-O 8.Bg2 Nxc5
9.O-O b6 10.cxd5 Nxd5 11.Nxd5 exd5 12.Nd4 Bb7 13.Rc1 a5 14.Nf5 Re8 15.Ne3 Bg5
16.Nxd5 Bxd5 17.Bxg5 Qxg5 18.Qxd5 Qf6 19.Qc4 Ra7 20.Rfd1 Qxb2 21.Rb1 Qf6
22.Qb5 Rae7 23.Qxb6 Qxb6 24.Rxb6 Rxe2 25.Rb5 Ne4 26.Bf3 Rd2 27.Re1 Nd6 28.Rxe8+ Nxe8
29.Rb8 Kf8 30.Bc6 Re2 31.Kg2 f5 32.Kf3 Re7 33.Kf4 g6 34.Kg5  1-0